Loading...
| Other Academic | 1 | 5 | 0 | 0 | 65 | 84 | 95.00 | 5 | 6 | 23.05 | 61.11 |
| History - American | 1 | 4 | 0 | 0 | 55 | 15 | 78.80 | 3 | 5 | 27.79 | 50.00 |
| Current Events | 2 | 2 | 0 | 0 | 50 | 38 | 63.75 | 3 | 4 | 30.63 | 50.00 |
| Religion | 3 | 1 | 1 | 1 | 50 | 68 | 93.75 | 4 | 4 | 21.09 | 57.14 |
| Geography | 1 | 2 | 0 | 1 | 35 | 57 | 114.00 | 2 | 3 | 9.42 | 41.67 |
| Social Science | 2 | 0 | 0 | 0 | 30 | 52 | 57.50 | 2 | 2 | 8.37 | 14.29 |
| Mythology | 1 | 1 | 0 | 1 | 25 | 19 | 77.00 | 2 | 2 | 14.74 | 33.33 |
| Literature - Poetry | 0 | 2 | 0 | 1 | 20 | 133 | 151.00 | 1 | 2 | 1.39 | 16.67 |
| History - Other | 1 | 0 | 0 | 0 | 15 | 17 | 17.00 | 1 | 1 | 17.46 | 20.00 |
| Science - Physics | 0 | 1 | 0 | 1 | 10 | 122 | 122.00 | 0 | 1 | 0.27 | 5.56 |
| Literature - Long Fiction | 0 | 1 | 0 | 0 | 10 | 118 | 118.00 | 1 | 1 | 2.03 | 9.09 |
| Fine Arts - Other | 0 | 1 | 0 | 0 | 10 | 113 | 113.00 | 0 | 1 | 0.95 | 3.85 |
| History - World | 0 | 1 | 0 | 1 | 10 | 143 | 143.00 | 0 | 1 | 0.11 | 4.17 |
| Science - Other | 0 | 1 | 0 | 1 | 10 | 143 | 143.00 | 0 | 1 | 0.17 | 6.25 |